000 00636 a2200169 4500
001 141137
040 _cLeonardo Da Vinci
041 _aPortuguês
082 _a372.357 K84d
_bK84d
100 _aKOFF, Adélia Maria Nehme Simão e
_aPEREIRA, Ely Schulz de Azevedo
245 _aDiscutindo a preservação da vida
_beducação ambiental; 5ª a 8ª séries do 1º grau
260 _bNova Fronteira
_c1989
_aRio de Janeiro
300 _a79
362 _a19890000
697 _aCiência
_aEcologia
_aMeio ambiente
_aMundo animal
_aEnergia
_aCombustível
_aPoluição
_aVegetação
_aPantanal
_aNatureza
_aEnsino Fundamental 2. ciclo
942 _cBK
999 _c141137
_d141137